[Event "VIE-chT"]
[Site "Hanoi"]
[Date "2023.04.20"]
[Round "5"]
[White "Bui, Trong Hao"]
[Black "Luong, Giang Son"]
[Result "1-0"]
[WhiteElo "2207"]
[BlackElo "1936"]
[PlyCount "85"]
[EventDate "2023.04.18"]
[EventType "swiss"]
[EventRounds "9"]
[EventCountry "VIE"]
[SourceTitle "EXT 2024"]
[Source "ChessBase"]
[SourceDate "2023.10.10"]
[SourceVersion "1"]
[SourceVersionDate "2023.10.10"]
[SourceQuality "1"]

1. d4 Nf6 2. Nf3 g6 3. Bf4 Bg7 4. e3 d6 5. h3 Nbd7 6. Be2 0-0 7. 0-0 c5 8. c4 cxd4 9. exd4 b6 10. Nc3 Bb7 11. d5 Nc5 12. Nd4 Nfe4 13. Nxe4 Nxe4 14. Rc1 a5 15. Bf3 Nc5 16. Re1 Re8 17. Bg5 Bf6 18. Bxf6 exf6 19. Rxe8+ Qxe8 20. b3 Bc8 21. a3 Bd7 22. b4 Ba4 23. Qd2 Nb3 24. Nxb3 Bxb3 25. Qc3 Qa4 26. c5 axb4 27. axb4 bxc5 28. bxc5 dxc5 29. Qxc5 Qa5 30. Qc6 Ra6 31. Qb7 Qb6 32. Qxb6 Rxb6 33. Rb1 Rb5 34. Be2 Rb7 35. d6 Rd7 36. Rxb3 Rxd6 37. Rb7 f5 38. Bc4 Rf6 39. f4 Kg7 40. h4 h6 41. g3 Kg8 42. Kf2 Kg7 43. Bd5 1-0

[Event "VIE-chT"]
[Site "Hanoi"]
[Date "2023.04.19"]
[Round "3"]
[White "Bui, Trong Hao"]
[Black "Ngo, Thanh Tung"]
[Result "0-1"]
[WhiteElo "2207"]
[BlackElo "1930"]
[PlyCount "58"]
[EventDate "2023.04.18"]
[EventType "swiss"]
[EventRounds "9"]
[EventCountry "VIE"]
[SourceTitle "EXT 2024"]
[Source "ChessBase"]
[SourceDate "2023.10.10"]
[SourceVersion "1"]
[SourceVersionDate "2023.10.10"]
[SourceQuality "1"]

1. e4 c5 2. Nf3 d6 3. d4 cxd4 4. Nxd4 Nf6 5. Nc3 a6 6. Bc4 e6 7. Bb3 Nc6 8. 0-0 Na5 9. Bg5 Nxb3 10. axb3 Be7 11. Qf3 0-0 12. Rfd1 Bd7 13. Rd3 Qc7 14. Rad1 Rfd8 15. h3 Rac8 16. R1d2 Be8 17. Nf5 exf5 18. Bxf6 Bxf6 19. Nd5 Qa5 20. Nxf6+ gxf6 21. exf5 Bc6 22. Qh5 Kh8 23. c3 Rg8 24. f3 Rce8 25. Rxd6 Re1+ 26. Kf2 Qe5 27. g4 Qe3+ 28. Kg3 Qxf3+ 29. Kh4 Rh1 0-1

[Event "VIE-ch"]
[Site "Vung Tau"]
[Date "2023.03.05"]
[Round "4"]
[White "Le, Minh Hoang"]
[Black "Bui, Trong Hao"]
[Result "0-1"]
[WhiteElo "2253"]
[BlackElo "2196"]
[PlyCount "94"]
[EventDate "2023.03.03"]
[EventType "swiss"]
[EventRounds "9"]
[EventCountry "VIE"]
[SourceTitle "EXT 2024"]
[Source "ChessBase"]
[SourceDate "2023.10.10"]
[SourceVersion "1"]
[SourceVersionDate "2023.10.10"]
[SourceQuality "1"]

1. c4 c6 2. e4 d5 3. exd5 cxd5 4. cxd5 Nf6 5. Nc3 Nxd5 6. d4 Nc6 7. Nf3 g6 8. Qb3 Nxc3 9. Bc4 e6 10. bxc3 Na5 11. Bb5+ Bd7 12. Qa4 Nc6 13. d5 exd5 14. 0-0 Be7 15. Bh6 Qa5 16. Rfe1 Qxa4 17. Bxa4 Be6 18. Ne5 0-0-0 19. Bxc6 bxc6 20. Nxc6 Rd7 21. Nd4 Rd6 22. Rab1 Bf6 23. Bf4 Rb6 24. Nxe6 Rxb1 25. Rxb1 fxe6 26. Rb8+ Kd7 27. Rb7+ Kc6 28. Rf7 Bd8 29. Rxa7 e5 30. Bg3 Re8 31. Kf1 d4 32. Ke2 Bb6 33. Ra4 Bc5 34. c4 e4 35. Ra6+ Kb7 36. Ra5 d3+ 37. Kd1 Kb6 38. Rb5+ Kc6 39. a4 Rf8 40. Rb2 Bd4 41. Ra2 Kc5 42. a5 Bc3 43. Bc7 Kxc4 44. Bd6 Rf7 45. Ra4+ Kb5 46. Ra3 Bxa5 47. f3 exf3 0-1

[Event "VIE-chT"]
[Site "Hanoi"]
[Date "2022.04.01"]
[Round "8.2"]
[White "Bui, Trong Hao"]
[Black "Nguyen, Duc Hoa"]
[Result "1/2-1/2"]
[WhiteElo "2190"]
[BlackElo "2415"]
[PlyCount "61"]
[EventDate "2022.03.28"]
[EventType "swiss"]
[EventRounds "9"]
[EventCountry "VIE"]
[SourceTitle "EXT 2023"]
[Source "ChessBase"]
[SourceDate "2022.10.05"]
[SourceVersion "1"]
[SourceVersionDate "2022.10.05"]
[SourceQuality "1"]

1. e4 c5 2. Nf3 Nc6 3. Bb5 e6 4. 0-0 Nge7 5. Re1 a6 6. Bxc6 Nxc6 7. c3 d5 8. exd5 Qxd5 9. d4 Be7 10. Be3 cxd4 11. cxd4 0-0 12. Nc3 Qf5 13. d5 exd5 14. Nxd5 Bb4 15. Nxb4 Nxb4 16. Qd6 Nc6 17. Rac1 Be6 18. a3 Rfd8 19. Qg3 Qg4 20. Rc5 Qxg3 21. hxg3 f6 22. Nd4 Rxd4 23. Rxc6 bxc6 24. Bxd4 Kf7 25. Re2 Rd8 26. Rd2 h5 27. Bc3 Bd5 28. f3 g5 29. Kf2 Re8 30. Rd4 Re6 31. Bb4 1/2-1/2

[Event "VIE Cup"]
[Site "Hanoi"]
[Date "2021.??.??"]
[Round "5"]
[White "Bui, Trong Hao"]
[Black "Tran, Minh Thang"]
[Result "1/2-1/2"]
[WhiteElo "2190"]
[BlackElo "2326"]
[PlyCount "33"]
[EventDate "2021.05.03"]
[EventType "swiss"]
[EventRounds "9"]
[EventCountry "VIE"]
[SourceTitle "EXT 2022"]
[Source "ChessBase"]
[SourceDate "2021.10.06"]
[SourceVersion "1"]
[SourceVersionDate "2021.10.06"]
[SourceQuality "1"]

1. d4 Nf6 2. Nf3 g6 3. Bf4 Bg7 4. e3 0-0 5. Be2 b6 6. a4 a5 7. h3 Bb7 8. 0-0 d6 9. c3 Nbd7 10. Na3 Ne4 11. Nb5 e5 12. Bh2 Kh8 13. Re1 Rc8 14. Na7 Ra8 15. Nb5 Rc8 16. Na7 Ra8 17. Nb5 1/2-1/2

[Event "VIE-ch"]
[Site "Hanoi"]
[Date "2020.10.10"]
[Round "8"]
[White "Pham, Chuong"]
[Black "Bui, Trong Hao"]
[Result "1/2-1/2"]
[WhiteElo "2361"]
[BlackElo "2207"]
[PlyCount "118"]
[EventDate "2020.10.05"]
[EventType "swiss"]
[EventRounds "9"]
[EventCountry "VIE"]
[SourceTitle "EXT 2022"]
[Source "ChessBase"]
[SourceDate "2021.10.06"]
[SourceVersion "1"]
[SourceVersionDate "2021.10.06"]
[SourceQuality "1"]

1. d4 d5 2. c4 c6 3. Nf3 Nf6 4. e3 e6 5. Bd3 Nbd7 6. 0-0 dxc4 7. Bxc4 b5 8. Bd3 Bb7 9. e4 a6 10. a4 Be7 11. Qc2 c5 12. axb5 axb5 13. Rxa8 Qxa8 14. dxc5 Bxc5 15. Bxb5 0-0 16. Nc3 Rc8 17. Qe2 Nf8 18. e5 Nd5 19. Ne4 Nf4 20. Bxf4 Bxe4 21. Bd3 Bd5 22. h4 Ng6 23. Bg3 Qa4 24. Ng5 h6 25. Nxf7 Kxf7 26. Qh5 Be4 27. Qg4 h5 28. Qxe4 Qxe4 29. Bxe4 Bd4 30. b4 Nxe5 31. Rb1 Rc3 32. Kf1 Nc4 33. Ke2 Na3 34. Rd1 e5 35. Rd3 Rc2+ 36. Kd1 Rc3 37. f4 Nb5 38. fxe5 Ke6 39. Rf3 Be3 40. Be1 Rc1+ 41. Ke2 Nd4+ 42. Kxe3 Nxf3 43. gxf3 Rxe1+ 44. Kf4 Re2 45. Bf5+ Ke7 46. b5 Rb2 47. Bd3 Rb3 48. Ke4 Rb4+ 49. Kd5 Rxh4 50. b6 Rb4 51. Kc5 Rb2 52. Kc6 g5 53. Bf5 Rb3 54. b7 Rc3+ 55. Kd5 Rb3 56. Kc6 Rc3+ 57. Kb6 Rb3+ 58. Kc7 Rc3+ 59. Kb6 Rb3+ 1/2-1/2

[Event "VIE-ch"]
[Site "Hanoi"]
[Date "2020.10.06"]
[Round "3"]
[White "Bui, Trong Hao"]
[Black "Pham, Phu Quang"]
[Result "1/2-1/2"]
[WhiteElo "2207"]
[BlackElo "1973"]
[PlyCount "50"]
[EventDate "2020.10.05"]
[EventType "swiss"]
[EventRounds "9"]
[EventCountry "VIE"]
[SourceTitle "EXT 2022"]
[Source "ChessBase"]
[SourceDate "2021.10.06"]
[SourceVersion "1"]
[SourceVersionDate "2021.10.06"]
[SourceQuality "1"]

1. e4 e6 2. d4 d5 3. exd5 exd5 4. Nf3 Nc6 5. h3 Bd6 6. c4 dxc4 7. Bxc4 Nf6 8. Nc3 h6 9. 0-0 0-0 10. Re1 a6 11. a3 Bf5 12. Ba2 Re8 13. Rxe8+ Qxe8 14. Nh4 Bc2 15. Qf1 Nxd4 16. Be3 Qe5 17. g3 Nf5 18. Ng2 Be4 19. Bf4 Qc5 20. Nxe4 Nxe4 21. Rc1 Qb6 22. Bxf7+ Kh8 23. Kh2 Rf8 24. Bd5 Ng5 25. Qe2 c6 1/2-1/2

[Event "VIE-chT"]
[Site "Bac Giang"]
[Date "2020.06.11"]
[Round "9.7"]
[White "Bui, Trong Hao"]
[Black "Tran, Minh Thang"]
[Result "1/2-1/2"]
[WhiteElo "2207"]
[BlackElo "2335"]
[PlyCount "89"]
[EventDate "2020.06.06"]
[EventType "swiss"]
[EventRounds "9"]
[EventCountry "VIE"]
[SourceTitle "CBM 197 Extra"]
[Source "ChessBase"]
[SourceDate "2020.09.30"]
[SourceVersion "1"]
[SourceVersionDate "2020.09.30"]
[SourceQuality "1"]

1. d4 Nf6 2. Nf3 g6 3. g3 Bg7 4. Bg2 0-0 5. 0-0 d5 6. c4 dxc4 7. Na3 c3 8. bxc3 c5 9. Bb2 Nc6 10. e3 Bf5 11. Qe2 e5 12. Nc4 e4 13. Nfe5 Nxe5 14. Nxe5 Nd7 15. Nxd7 Qxd7 16. Ba3 Rfc8 17. Bxc5 b6 18. Ba3 Rxc3 19. Bb2 Rc7 20. Rfc1 Rac8 21. Rxc7 Rxc7 22. Qd2 Qd5 23. Rc1 Rxc1+ 24. Bxc1 Bf8 25. Qc2 b5 26. a3 a5 27. g4 Bxg4 28. Bxe4 Qh5 29. Bg2 Bf3 30. Bxf3 Qxf3 31. e4 b4 32. axb4 axb4 33. Be3 h5 34. Kf1 h4 35. e5 h3 36. Ke1 Kh7 37. Qc4 Qf5 38. Ke2 Qg4+ 39. Kd2 Kg8 40. Qc7 Qe4 41. Qd8 b3 42. Bh6 Qc2+ 43. Ke1 Qb1+ 44. Ke2 Qe4+ 45. Kd2 1/2-1/2

[Event "VIE-chT"]
[Site "Bac Giang"]
[Date "2020.06.08"]
[Round "4.9"]
[White "Doan, Van Duc"]
[Black "Bui, Trong Hao"]
[Result "1/2-1/2"]
[WhiteElo "2141"]
[BlackElo "2207"]
[PlyCount "90"]
[EventDate "2020.06.06"]
[EventType "swiss"]
[EventRounds "9"]
[EventCountry "VIE"]
[SourceTitle "CBM 197 Extra"]
[Source "ChessBase"]
[SourceDate "2020.09.30"]
[SourceVersion "1"]
[SourceVersionDate "2020.09.30"]
[SourceQuality "1"]

1. e4 e5 2. Nf3 Nc6 3. d4 exd4 4. Nxd4 Bc5 5. Nb3 Bb6 6. Nc3 Qf6 7. Qe2 Nge7 8. Be3 0-0 9. 0-0-0 d6 10. Kb1 Be6 11. h3 Bxe3 12. Qxe3 a5 13. Nd4 Nxd4 14. Qxd4 Qxd4 15. Rxd4 Nc6 16. Rd2 g6 17. Nd5 Bxd5 18. exd5 Na7 19. Bd3 Rfe8 20. c4 Nc8 21. Kc2 Nb6 22. b3 Kg7 23. Rdd1 Nd7 24. Rhe1 Nc5 25. a3 Kf8 26. Kc3 Re7 27. Rxe7 Kxe7 28. Bc2 Nd7 29. Re1+ Kf8 30. f4 Re8 31. Rxe8+ Kxe8 32. b4 axb4+ 33. axb4 Ke7 34. Kd4 b6 35. g4 h6 36. h4 Nf8 37. g5 hxg5 38. hxg5 f6 39. gxf6+ Kxf6 40. c5 bxc5+ 41. bxc5 Nd7 42. cxd6 cxd6 43. Ba4 Nb6 44. Bc2 Nc8 45. Be4 Ne7 1/2-1/2

[Event "VIE-chT"]
[Site "Bac Giang"]
[Date "2020.06.07"]
[Round "3.14"]
[White "Bui, Trong Hao"]
[Black "Le, Thi Nhu Quynh"]
[Result "1-0"]
[WhiteElo "2207"]
[BlackElo "1768"]
[PlyCount "71"]
[EventDate "2020.06.06"]
[EventType "swiss"]
[EventRounds "9"]
[EventCountry "VIE"]
[SourceTitle "CBM 197 Extra"]
[Source "ChessBase"]
[SourceDate "2020.09.30"]
[SourceVersion "1"]
[SourceVersionDate "2020.09.30"]
[SourceQuality "1"]

1. e4 e6 2. d4 d5 3. exd5 exd5 4. Nf3 Bd6 5. c4 c6 6. Nc3 Nf6 7. Be3 0-0 8. c5 Bc7 9. Be2 b6 10. 0-0 bxc5 11. dxc5 Bg4 12. b4 Qe7 13. Rc1 Rd8 14. Bd4 Ne4 15. Re1 Nd7 16. h3 Be6 17. Qa4 Bf4 18. Rc2 Rdc8 19. Ba6 Ng5 20. Nxg5 Qxg5 21. Kf1 Re8 22. Rce2 Bh2 23. Qxc6 Nf6 24. Bxf6 gxf6 25. Re3 Red8 26. Rxe6 fxe6 27. Qxe6+ Kh8 28. g3 Re8 29. Qxe8+ Rxe8 30. Rxe8+ Kg7 31. Kg2 d4 32. Ne4 Qd5 33. Kxh2 Qxa2 34. c6 f5 35. c7 fxe4 36. Bf1 1-0

[Event "VIE-ch"]
[Site "Bac Giang"]
[Date "2016.06.26"]
[Round "6"]
[White "Bui, Trong Hao"]
[Black "Tran, Dang Minh Quang"]
[Result "1-0"]
[WhiteElo "2207"]
[BlackElo "1541"]
[PlyCount "73"]
[EventDate "2016.06.22"]
[EventType "swiss"]
[EventRounds "9"]
[EventCountry "VIE"]
[SourceTitle "EXT 2017"]
[Source "ChessBase"]
[SourceDate "2016.10.25"]
[SourceVersion "1"]
[SourceVersionDate "2016.10.25"]
[SourceQuality "1"]

1. d4 d5 2. Bf4 Nf6 3. e3 Bf5 4. c4 e6 5. Qb3 Qc8 6. Nc3 c6 7. Nf3 Nbd7 8. Rc1 Nh5 9. cxd5 Nxf4 10. dxc6 Qxc6 11. exf4 Bd6 12. Bb5 Qc7 13. 0-0 0-0 14. Ne5 Nf6 15. Be2 Qb6 16. Qxb6 axb6 17. Bf3 Rfb8 18. a3 Ra5 19. g3 Ne8 20. Nd7 Rd8 21. Nxb6 Ra6 22. Nc4 Bd3 23. Be2 Bxe2 24. Nxe2 Bb8 25. Rfd1 f6 26. Nc3 Nc7 27. Rc2 Ba7 28. Rcd2 Rc6 29. Na5 Rb6 30. b4 Nd5 31. Ne4 Rb5 32. Rc2 Kf7 33. Rc8 Rxc8 34. Nd6+ Kf8 35. Nxb5 Bb6 36. Nxb7 Rc2 37. Nc5 1-0

[Event "VIE-chT"]
[Site "Ho Chi Minh City"]
[Date "2015.07.21"]
[Round "6.14"]
[White "Nguyen, Huu Hoang Anh"]
[Black "Bui, Trong Hao"]
[Result "0-1"]
[WhiteElo "2056"]
[BlackElo "2207"]
[PlyCount "104"]
[EventDate "2015.07.16"]
[EventType "team-swiss"]
[EventRounds "9"]
[EventCountry "VIE"]
[SourceTitle "EXT 2016"]
[Source "ChessBase"]
[SourceDate "2015.10.08"]
[SourceVersion "1"]
[SourceVersionDate "2015.10.08"]
[SourceQuality "1"]

1. e4 c6 2. d4 d5 3. Nc3 dxe4 4. Nxe4 Nd7 5. Ng5 Ngf6 6. Bd3 h6 7. Ne6 Qa5+ 8. Bd2 Qb6 9. Nxf8 Nxf8 10. Ne2 Ne6 11. c3 Qxb2 12. 0-0 Qa3 13. Qc2 0-0 14. c4 Qd6 15. Bc3 Nf4 16. Nxf4 Qxf4 17. Rfe1 Ng4 18. g3 Qd6 19. Rab1 Re8 20. f3 Nf6 21. Re5 b6 22. Rbe1 Bd7 23. Qe2 Kf8 24. c5 Qc7 25. Bc4 e6 26. g4 Nd5 27. Bd2 f6 28. Re4 bxc5 29. dxc5 e5 30. h4 Be6 31. f4 Qe7 32. fxe5 Qxc5+ 33. Kh2 fxe5 34. g5 hxg5 35. hxg5 Bf5 36. Rh4 g6 37. Bxd5 Qxd5 38. Bb4+ Kg8 39. Rd1 Qb5 40. Qe3 Rad8 41. Qb3+ Rd5 42. Re1 a5 43. Bc3 Qxb3 44. axb3 Kf7 45. Ra1 Rb8 46. Rh7+ Ke6 47. Bxa5 Rxb3 48. Ra2 Rd1 49. Re2 Bg4 50. Rf2 Bf3 51. Rc7 Rh1+ 52. Kg3 Be4+ 0-1

[Event "VIE-chT"]
[Site "Ho Chi Minh City"]
[Date "2015.07.20"]
[Round "5.8"]
[White "Bui, Trong Hao"]
[Black "Tran, Quoc Dung"]
[Result "0-1"]
[WhiteElo "2207"]
[BlackElo "2286"]
[PlyCount "84"]
[EventDate "2015.07.16"]
[EventType "team-swiss"]
[EventRounds "9"]
[EventCountry "VIE"]
[SourceTitle "EXT 2016"]
[Source "ChessBase"]
[SourceDate "2015.10.08"]
[SourceVersion "1"]
[SourceVersionDate "2015.10.08"]
[SourceQuality "1"]

1. d4 Nf6 2. Nf3 d5 3. c4 c6 4. Nc3 dxc4 5. a4 Bf5 6. e3 e6 7. Bxc4 Bb4 8. 0-0 Nbd7 9. Qe2 Bg6 10. Ne5 Bh5 11. f3 Nxe5 12. dxe5 Nd7 13. g4 Bg6 14. f4 Qh4 15. e4 h5 16. g5 Qg4+ 17. Qxg4 hxg4 18. f5 Bh7 19. g6 fxg6 20. Bxe6 Nxe5 21. Kg2 Nf3 22. Bf4 gxf5 23. exf5 Bxf5 24. Bxf5 Nh4+ 25. Kg3 Nxf5+ 26. Kxg4 0-0 27. Rfd1 Rf7 28. Ne4 Raf8 29. Ng3 Ne7 30. Bg5 Nd5 31. Rf1 Rf2 32. h4 Rxb2 33. Rxf8+ Bxf8 34. Ne4 a5 35. Kf5 Rb4 36. Bd2 g6+ 37. Kxg6 Rxe4 38. h5 Ne7+ 39. Kg5 Re5+ 40. Kg4 Nd5 41. h6 Kh7 42. Rb1 Bxh6 0-1

[Event "VIE-ch Resolution 7th"]
[Site "Bac Giang"]
[Date "2014.12.10"]
[Round "5"]
[White "Bui, Trong Hao"]
[Black "Dinh, Duc Trong"]
[Result "1-0"]
[WhiteElo "2164"]
[BlackElo "2347"]
[PlyCount "155"]
[EventDate "2014.12.05"]
[EventType "swiss"]
[EventRounds "9"]
[EventCountry "VIE"]
[SourceTitle "EXT 2019"]
[Source "ChessBase"]
[SourceDate "2018.10.10"]
[SourceVersion "1"]
[SourceVersionDate "2018.10.10"]
[SourceQuality "1"]

1. d4 g6 2. Nf3 Bg7 3. g3 d6 4. Bg2 Bd7 5. 0-0 Qc8 6. Nc3 Nc6 7. Re1 Nf6 8. d5 Nb4 9. a3 Na6 10. e4 0-0 11. Bf4 Nh5 12. Be3 Nc5 13. e5 Bg4 14. Bd4 Qf5 15. Nh4 Bxd1 16. Nxf5 Bxc2 17. Nxe7+ Kh8 18. Bxc5 dxc5 19. Nb5 Rae8 20. d6 cxd6 21. exd6 Bd3 22. Nc3 Rd8 23. Bxb7 Rxd6 24. Bf3 c4 25. Nc6 a6 26. Rad1 Bf6 27. Ne5 Bxe5 28. Rxe5 Nf6 29. Re7 Kg7 30. h4 h6 31. Rd2 Rfd8 32. Rc7 R8d7 33. Rc5 h5 34. Re5 Ng4 35. Re1 f5 36. Na4 Rc7 37. Bg2 Kf7 38. Nc3 Nf6 39. Red1 Kf8 40. Re1 Re7 41. Rxe7 Kxe7 42. f3 Nd7 43. Kf2 Nc5 44. Ke3 Re6+ 45. Kf2 Kd6 46. Rd1 Kc6 47. Rd2 Nb3 48. Rd1 Kc5 49. Bf1 Rd6 50. Bg2 Nd4 51. b4+ Kc6 52. f4+ Kd7 53. a4 Nc2 54. b5 axb5 55. axb5 Kc7 56. Rb1 Kb8 57. Rb2 Rd7 58. b6 Rd6 59. Ra2 Rxb6 60. Ra8+ Kc7 61. Nd5+ Kb7 62. Nxb6+ Kxb6 63. Bd5 Be4 64. Bxe4 fxe4 65. Re8 e3+ 66. Ke2 Kc5 67. Rg8 Nd4+ 68. Kxe3 Nf5+ 69. Kd2 Nxg3 70. Rxg6 Ne4+ 71. Ke3 Kd5 72. Rg5+ Nxg5 73. fxg5 Ke5 74. Kd2 Kd6 75. Kd1 Kd7 76. Kc1 Ke6 77. Kc2 Kd6 78. Kd2 1-0

[Event "VIE-ch Resolution 7th"]
[Site "Bac Giang"]
[Date "2014.12.09"]
[Round "4"]
[White "Tu, Hoang Thong"]
[Black "Bui, Trong Hao"]
[Result "1-0"]
[WhiteElo "2414"]
[BlackElo "2164"]
[PlyCount "89"]
[EventDate "2014.12.05"]
[EventType "swiss"]
[EventRounds "9"]
[EventCountry "VIE"]
[SourceTitle "EXT 2016"]
[Source "ChessBase"]
[SourceDate "2015.10.08"]
[SourceVersion "1"]
[SourceVersionDate "2015.10.08"]
[SourceQuality "1"]

1. d4 d5 2. Nf3 c6 3. c4 Nf6 4. Nbd2 g6 5. e3 Bg7 6. Be2 0-0 7. 0-0 Nbd7 8. b4 Ne8 9. Bb2 Nd6 10. c5 Ne8 11. Qb3 Nc7 12. a4 Re8 13. Rfe1 b6 14. cxb6 axb6 15. Rec1 Bb7 16. h3 e6 17. Ne5 Nxe5 18. dxe5 Bf8 19. Bd4 b5 20. axb5 Nxb5 21. Bxb5 cxb5 22. Nf3 Rxa1 23. Rxa1 Qd7 24. Bc5 Bg7 25. Ra7 Ra8 26. Qa3 Rxa7 27. Qxa7 f6 28. exf6 Bxf6 29. Qb8+ Bc8 30. Nd4 Qe8 31. Nxb5 Bd7 32. Qf4 Bg7 33. Nc7 Qf7 34. Qd6 Bf6 35. b5 Bc8 36. b6 h6 37. Qc6 Kh7 38. Nxd5 Bh4 39. Nf4 Bb7 40. Qxe6 Kg8 41. Qxg6+ Qxg6 42. Nxg6 Bd8 43. Ne5 Kg7 44. Nc4 Kf6 45. Na5 1-0

[Event "VIE-ch U20"]
[Site "Ho Chi Minh City"]
[Date "2014.07.18"]
[Round "9"]
[White "Tran, Tuan Minh"]
[Black "Bui, Trong Hao"]
[Result "1/2-1/2"]
[WhiteElo "2320"]
[BlackElo "2164"]
[PlyCount "98"]
[EventDate "2014.07.13"]
[EventType "swiss"]
[EventRounds "9"]
[EventCountry "VIE"]
[SourceTitle "EXT 2016"]
[Source "ChessBase"]
[SourceDate "2015.10.08"]
[SourceVersion "1"]
[SourceVersionDate "2015.10.08"]
[SourceQuality "1"]

1. d4 d5 2. c4 c6 3. Nc3 Nf6 4. e3 e6 5. Nf3 Nbd7 6. Bd3 Be7 7. 0-0 b6 8. e4 dxe4 9. Nxe4 Bb7 10. b3 c5 11. Re1 cxd4 12. Nxd4 Nc5 13. Nxc5 Bxc5 14. Nc2 Ng4 15. Qxg4 Qxd3 16. Qe2 Qg6 17. Ne3 0-0 18. Qg4 Qxg4 19. Nxg4 h5 20. Ne5 Rfd8 21. Be3 Bb4 22. Rec1 Ba3 23. Rc2 f6 24. Nf3 e5 25. Rd2 Rxd2 26. Nxd2 Rd8 27. Kf1 Bb2 28. Rb1 Bc3 29. Rc1 Bb2 30. Rc2 Ba3 31. f3 Kf7 32. Ke2 Rd7 33. Nb1 Be7 34. Nc3 Ke6 35. Nb5 Bc6 36. a4 f5 37. c5 bxc5 38. Bxc5 Bxb5+ 39. axb5 Rc7 40. b4 Kd5 41. Rd2+ Kc4 42. b6 axb6 43. Bxb6 Rb7 44. Rc2+ Kxb4 45. Bd4 Rb5 46. Rb2+ Kc4 47. Rxb5 Kxb5 48. Bxe5 g6 49. Bb2 Kc4 1/2-1/2

[Event "VIE-ch U20"]
[Site "Ho Chi Minh City"]
[Date "2014.07.16"]
[Round "6"]
[White "Nguyen, Anh Khoi"]
[Black "Bui, Trong Hao"]
[Result "1-0"]
[WhiteElo "2208"]
[BlackElo "2164"]
[PlyCount "83"]
[EventDate "2014.07.13"]
[EventType "swiss"]
[EventRounds "9"]
[EventCountry "VIE"]
[SourceTitle "EXT 2016"]
[Source "ChessBase"]
[SourceDate "2015.10.08"]
[SourceVersion "1"]
[SourceVersionDate "2015.10.08"]
[SourceQuality "1"]

1. Nf3 d5 2. g3 Nf6 3. Bg2 g6 4. 0-0 Bg7 5. c4 c6 6. d4 dxc4 7. a4 Nd5 8. Bd2 0-0 9. Na3 c5 10. e4 Nc7 11. Bc3 cxd4 12. Bxd4 Be6 13. Bxg7 Kxg7 14. Qc1 Qd6 15. Nxc4 Qb4 16. Nce5 Nba6 17. Nd3 Qd6 18. Ra3 Bg4 19. e5 Qd7 20. Nf4 Ne6 21. Nxe6+ Qxe6 22. Qf4 Bxf3 23. Bxf3 Qb6 24. Rd3 Nc5 25. Rd5 Ne6 26. Qh4 Rae8 27. b4 f6 28. Bg2 Qc7 29. Qg4 f5 30. Qe2 Rd8 31. Rfd1 b6 32. h4 f4 33. Qg4 Rxd5 34. Bxd5 Nd8 35. gxf4 Qc2 36. h5 Rxf4 37. h6+ Kh8 38. Qxf4 Qxd1+ 39. Kh2 Qh5+ 40. Kg2 Qf5 41. Qxf5 gxf5 42. e6 1-0

[Event "VIE-ch U20"]
[Site "Ho Chi Minh City"]
[Date "2014.07.15"]
[Round "5"]
[White "Bui, Trong Hao"]
[Black "Che, Quoc Huu"]
[Result "1-0"]
[WhiteElo "2164"]
[BlackElo "2007"]
[PlyCount "89"]
[EventDate "2014.07.13"]
[EventType "swiss"]
[EventRounds "9"]
[EventCountry "VIE"]
[SourceTitle "EXT 2016"]
[Source "ChessBase"]
[SourceDate "2015.10.08"]
[SourceVersion "1"]
[SourceVersionDate "2015.10.08"]
[SourceQuality "1"]

1. d4 d5 2. Nf3 Nf6 3. c4 c6 4. Nc3 dxc4 5. a4 Bf5 6. Ne5 Nbd7 7. Nxc4 Qc7 8. g3 e5 9. dxe5 Nxe5 10. Bf4 Nfd7 11. Bg2 g5 12. Ne3 gxf4 13. Nxf5 0-0-0 14. Qc2 Nc5 15. 0-0 fxg3 16. hxg3 Ne6 17. Rfd1 Bb4 18. Na2 Be7 19. b4 Bf6 20. Rac1 h5 21. Rxd8+ Rxd8 22. b5 c5 23. Qe4 h4 24. Nc3 Ng5 25. Qc2 hxg3 26. Nxg3 Nd7 27. Nd5 Qd6 28. Ne4 Nxe4 29. Qxe4 Rg8 30. Nxf6 Nxf6 31. Qxb7+ Kd8 32. Qa8+ Ke7 33. Qxa7+ Nd7 34. Qb7 Rg4 35. Rc3 Qd1+ 36. Kh2 Qd6+ 37. Rg3 Rxa4 38. Bh3 Rd4 39. Qc6 Nb8 40. Qc8 Rf4 41. Qb7+ Nd7 42. Kg2 Qd4 43. Re3+ Kd8 44. Bxd7 Qxd7 45. Qb8+ 1-0

[Event "VIE-ch U20"]
[Site "Ho Chi Minh City"]
[Date "2014.07.13"]
[Round "2"]
[White "Nguyen, Ha Phuong"]
[Black "Bui, Trong Hao"]
[Result "1/2-1/2"]
[WhiteElo "2047"]
[BlackElo "2164"]
[PlyCount "73"]
[EventDate "2014.07.13"]
[EventType "swiss"]
[EventRounds "9"]
[EventCountry "VIE"]
[SourceTitle "EXT 2016"]
[Source "ChessBase"]
[SourceDate "2015.10.08"]
[SourceVersion "1"]
[SourceVersionDate "2015.10.08"]
[SourceQuality "1"]

1. d4 d5 2. Nf3 Nf6 3. c4 c6 4. e3 e6 5. Nbd2 Be7 6. Bd3 0-0 7. 0-0 Nbd7 8. b3 b6 9. Bb2 Bb7 10. Ne5 Qc7 11. Nxd7 Qxd7 12. Qc2 h6 13. e4 dxe4 14. Nxe4 Rfd8 15. Rad1 Qc7 16. Qe2 Qf4 17. g3 Qc7 18. c5 Rd7 19. a3 Rad8 20. b4 Nxe4 21. Qxe4 g6 22. Bc4 Bf6 23. Rd3 Bg7 24. Bc3 Qc8 25. Rfd1 Ba6 26. Bxa6 Qxa6 27. Qxc6 Rd5 28. Qc7 R5d7 29. Qf4 bxc5 30. bxc5 e5 31. Qc1 exd4 32. Bb2 Qb5 33. c6 Rc7 34. Bxd4 Rxc6 35. Qe3 Rcd6 36. R3d2 Re8 37. Qf4 1/2-1/2

[Event "VIE-chT"]
[Site "Ho Chi Minh City"]
[Date "2013.08.19"]
[Round "8"]
[White "Bui, Trong Hao"]
[Black "Tran, Tuan Minh"]
[Result "1/2-1/2"]
[WhiteElo "2154"]
[BlackElo "2355"]
[PlyCount "115"]
[EventDate "2013.08.14"]
[EventType "team-swiss"]
[EventRounds "11"]
[EventCountry "VIE"]
[SourceTitle "CBM 156 Extra"]
[Source "ChessBase"]
[SourceDate "2013.10.22"]
[SourceVersion "1"]
[SourceVersionDate "2013.10.22"]
[SourceQuality "1"]

1. d4 Nf6 2. Nf3 e6 3. c4 b6 4. g3 Bb7 5. Bg2 Be7 6. 0-0 0-0 7. Nc3 Ne4 8. Qd3 Nxc3 9. Qxc3 d6 10. b3 Nd7 11. Bb2 Be4 12. Nd2 Bxg2 13. Kxg2 Qc8 14. Qf3 Rb8 15. Rad1 Bf6 16. Ne4 Be7 17. Nc3 a6 18. Ne4 Qb7 19. Rfe1 b5 20. c5 dxc5 21. Nxc5 Nxc5 22. dxc5 Qxf3+ 23. Kxf3 Bxc5 24. Be5 Bb6 25. Rc1 Rbc8 26. Rc6 f6 27. Bd6 Rfd8 28. Rec1 h6 29. R1c2 Kh7 30. e3 Kg6 31. Ke2 Rd7 32. Bb4 Re8 33. Bc5 Bxc5 34. R2xc5 Rd6 35. Rxc7 Red8 36. Rc2 e5 37. Ra7 h5 38. Rcc7 Kf5 39. Kf3 e4+ 40. Kg2 g5 41. h3 Rb6 42. Rc5+ Ke6 43. Rh7 Rd2 44. a3 Rd3 45. b4 Rxa3 46. Rcc7 a5 47. Rcd7 g4 48. Rhe7+ Kf5 49. Rd5+ Kg6 50. bxa5 Rxa5 51. hxg4 hxg4 52. Rxe4 Ra4 53. Rxb5 Rxe4 54. Rxb6 Ra4 55. Rb2 Ra1 56. Rb4 Kg5 57. Rb8 Ra4 58. Re8 1/2-1/2